000 00653nam a2200229Ia 4500
005 20250326144627.0
008 250326s9999 xx 000 0 und d
020 _a0-444-86793
037 _aTextbook
040 _aFMSL
_beng
_cFMSL
041 _aeng
_2eng
084 _aX.1 M5.2
_qFMSL
100 _aJones R W
245 0 _aHandbook of international economics
_cJones R W; Kenen P B
260 _aLondon
_bLondon, Elsevier
_c1985
300 _a1234p
365 _b6854.3999999999996
490 _v2/ International monetary economics and fice
650 _aHandbook
_9279951
942 _cTB
_hX.1 M5.2
999 _c1304373
_d1304373